| 000 | 00527 a2200181 4500 | ||
|---|---|---|---|
| 001 | 116961 | ||
| 041 | _apor | ||
| 082 | _aP Year 4 [E] | ||
| 090 | _aAP Year 4 [E] | ||
| 300 | _a1 v. (sem paginação) | ||
| 697 | _aGeografia - Year 4 - Maple Bear | ||
| 697 | _aYear 4 - Programa - 2020 | ||
| 700 | _aMaple Bear Global Schools. | ||
| 040 |
_aBR-BrIDEA _cBR-BrIDEA |
||
| 245 | 1 | 0 |
_aPrograma Year 4 _bgeografia : unidade 1 a 4. _cMaple Bear Global Schools |
| 260 |
_aBrasilia _bMaple Bear Global Schools _c2020 |
||
| 942 | _cBK | ||
| 999 |
_c116961 _d116961 |
||